Bilecik Bilecik Bilecik Bilecik Bilecik

Stresle başa çıkma ve iyimserlik/ (Record no. 12765)

MARC details
000 -BAŞLIK
Sabit Uzunluktaki Kontrol Alanı 01166nam a22003857a 4500
001 - KONTROL NUMARASI
Control Dosyası 0012798
003 - KONTROL NUMARASI KİMLİĞİ
Kontrol Alanı KOHA_MİRAKIL
005 - EN SON İŞLEM TARİHİ ve ZAMANI
Kontrol Alanı 20260207001901.0
007 - FİZİKSEL TANIM SABİT ALAN - GENEL BİLGİ
Sabit uzunluklu kontrol alanı ta
008 - SABİT UZUNLUKTAKİ VERİ ÖGELERİ - GENEL BİLGİ
Sabit Alan 100810b1999 tu |||gr||||#||||0|tur |
020 ## - ISBN - ULUSLARARASI STANDART KİTAP NUMARASI
Isbn 9754928568
040 ## - KATALOGLAMA KAYNAĞI
Özgün Kataloglama Kurumu TR-BiSEU
Kataloglama Dili tur
Çeviri Kurumu TR-BiSEU
Açıklama Kuralları rda
041 0# - DİL KODU
Metin ya da ses kaydının dil kodu tur
044 ## - YAYINLAYAN/ÜRETEN KURULUŞUN ÜLKE KODU
ISO country code tu
050 ## - SINIFLAMA ve YER NUMARASI
Sınıflama Numarası BF575
Yer Numarası .T87 1999
100 1# - KİŞİ ADI
Yazar Adı (Kişi adı) Türküm, A. Sibel.
245 1# - ESER ADI BİLDİRİMİ
Başlık Stresle başa çıkma ve iyimserlik/
Sorumluluk Bildirimi A. Sibel Türküm ; Sibel Türküm.
264 #1 - ÜRERİM, YAYIN, DAĞITIM ve TELİF BİLDİRİMİ
Yayın yeri Eskişehir :
Yayınlayan Anadolu Üniversitesi
Yayın tarihi 1999
300 ## - FİZİKSEL TANIMLAMA
Sayfa, Cilt vb. VIII, 126 sayfa; 24 cm.
336 ## - İÇERİK TÜRÜ
Content type term metin
Content type code txt
Source rdacontent
337 ## - MEDYA TÜRÜ
Media type term aracısız
Media type code n
Source rdamedia
338 ## - TAŞIYICI TÜRÜ
Carrier type term cilt
Carrier type code nc
Source rdacarrier
490 1# - DİZİ BİLDİRİMİ
Dizi Bildirimi T.
490 1# - DİZİ BİLDİRİMİ
Dizi Bildirimi C.
490 1# - DİZİ BİLDİRİMİ
Dizi Bildirimi Anadolu Üniversitesi Yayınları ;
Cilt Numarası No:1098.
490 1# - DİZİ BİLDİRİMİ
Dizi Bildirimi Araştırma Fonu Yayınları ;
Cilt Numarası No:02.
500 ## - GENEL NOT
Genel Not Kaynakça var.
650 #0 - KONU BAŞLIĞI EK GİRİŞ - KONU TERİMİ
Konusal terim veya coğrafi ad Stress (Psychology).
9 (RLIN) 30721
650 #0 - KONU BAŞLIĞI EK GİRİŞ - KONU TERİMİ
Konusal terim veya coğrafi ad Stres--Psikoloji.
9 (RLIN) 30722
830 1# - SERİ EK GİRİŞİ - TEKBİÇİM ESER ADI
Tekbiçim Başlık T.
9 (RLIN) 5918
830 1# - SERİ EK GİRİŞİ - TEKBİÇİM ESER ADI
Tekbiçim Başlık C.
9 (RLIN) 5919
830 1# - SERİ EK GİRİŞİ - TEKBİÇİM ESER ADI
Tekbiçim Başlık Anadolu Üniversitesi Yayınları ;
Volume number/sequential designation No:1098.
9 (RLIN) 16074
830 1# - SERİ EK GİRİŞİ - TEKBİÇİM ESER ADI
Tekbiçim Başlık Araştırma Fonu Yayınları ;
Volume number/sequential designation No:02.
9 (RLIN) 30723
942 ## - EK GİRİŞ ÖGELERİ (KOHA)
Source of classification or shelving scheme Library of Congress Classification
Koha item type Book
Holdings
Materyal Türü Kalıcı Konum Mevcut Konum Raf Yeri Sınıflandırma Kaynağı Edinim Bilgisi Ana Konular Alt Konular Yer Numarası Demirbaş Numarası Fatura Tarihi Geri Çekilme Durumu Kayıp Durumu Hasarlı Durumu Kredi için değil Kayıt Tarih Toplam Ödünçverme Son Görülme Tarihi Son Kontrol Tarihi Genel / Bağış Notu Maliyet, Alış Fiyatı Maliyet, Yenileme Fiyatı
Book BŞEÜ Gölpazarı MYO Kütüphanesi BŞEÜ Gölpazarı MYO Kütüphanesi   Library of Congress Classification Bağış FELSEFE, PSİKOLOJİ, DİN Psikoloji BF575 .T87 1999 0018709 02/02/2026         02/07/2010   26/05/2025 26/05/2025 Genel Bağış    
Book BŞEÜ Osmaneli MYO Kütüphanesi BŞEÜ Osmaneli MYO Kütüphanesi   Library of Congress Classification Bağış FELSEFE, PSİKOLOJİ, DİN Psikoloji BF575 .T87 1999 0019864 02/02/2026         03/08/2010   26/05/2025 26/05/2025 Genel Bağış    
Book BŞEÜ Pazaryeri MYO Kütüphanesi BŞEÜ Pazaryeri MYO Kütüphanesi   Library of Congress Classification Bağış FELSEFE, PSİKOLOJİ, DİN Psikoloji BF575 .T87 1999 0020473 02/02/2026         10/08/2010   26/05/2025 26/05/2025 Genel Bağış    
Book Prof. Dr. Azmi Özcan Kütüphanesi Prof. Dr. Azmi Özcan Kütüphanesi Uluğbey Salonu Library of Congress Classification Bağış FELSEFE, PSİKOLOJİ, DİN Psikoloji BF575 .T87 1999 0012798 02/02/2026         08/02/2010 2 26/05/2025 26/05/2025 Genel Bağış    
Book Prof. Dr. Azmi Özcan Kütüphanesi Prof. Dr. Azmi Özcan Kütüphanesi Uluğbey Salonu Library of Congress Classification Bağış FELSEFE, PSİKOLOJİ, DİN Psikoloji BF575 .T87 1999 0014913 13/08/2010         10/03/2010 1 26/05/2025 26/05/2025 Genel Bağış 1.50 1.50